000 00450nab a2200145Ia 4500
003 ES-SlBCS
005 20210601125239.0
008 140529s1978 xxu||||| |||| 00| 0 eng d
041 _aeng
100 1 _aKim, Chin-Tai
_9155030
245 0 0 _aBrentano on the Unity of Mental Phenomena
_c Chin-Tai Kim
600 1 _aBrentano, C.-Mente
_9155941
773 0 _tPhilosophy and Phenomenological Research
_gvol. 39, 1978, págs. 199-208
_wRev1411
942 _cAR
999 _c527198
_d527198